<?xml version="1.0" encoding="UTF-8"?>
<record
    xmlns:xsi="http://www.w3.org/2001/XMLSchema-instance"
    xsi:schemaLocation="http://www.loc.gov/MARC21/slim http://www.loc.gov/standards/marcxml/schema/MARC21slim.xsd"
    xmlns="http://www.loc.gov/MARC21/slim">

  <leader>00652    a2200181   4500</leader>
  <controlfield tag="001">139143</controlfield>
  <datafield tag="040" ind1=" " ind2=" ">
    <subfield code="c">Leonardo Da Vinci</subfield>
  </datafield>
  <datafield tag="041" ind1=" " ind2=" ">
    <subfield code="a">Portugu&#xEA;s</subfield>
  </datafield>
  <datafield tag="082" ind1=" " ind2=" ">
    <subfield code="a">302.35 M118p</subfield>
    <subfield code="b">M118p</subfield>
  </datafield>
  <datafield tag="100" ind1=" " ind2=" ">
    <subfield code="a">MCDAVID, John W</subfield>
    <subfield code="a">HARARI, Herbert</subfield>
  </datafield>
  <datafield tag="245" ind1=" " ind2=" ">
    <subfield code="a">Psicologia e comportamento social</subfield>
  </datafield>
  <datafield tag="260" ind1=" " ind2=" ">
    <subfield code="b">Interci&#xEA;ncia</subfield>
    <subfield code="c">1980</subfield>
    <subfield code="a">Rio de Janeiro</subfield>
  </datafield>
  <datafield tag="300" ind1=" " ind2=" ">
    <subfield code="a">446</subfield>
  </datafield>
  <datafield tag="362" ind1=" " ind2=" ">
    <subfield code="a">19800000</subfield>
  </datafield>
  <datafield tag="500" ind1=" " ind2=" ">
    <subfield code="a">Francisco da Rocha Guimar&#xE3;es(Tradu&#xE7;&#xE3;o)</subfield>
  </datafield>
  <datafield tag="697" ind1=" " ind2=" ">
    <subfield code="a">Ci&#xEA;ncias sociais</subfield>
    <subfield code="a">Sociologia</subfield>
    <subfield code="a">Psicologia social</subfield>
    <subfield code="a">Administra&#xE7;&#xE3;o</subfield>
    <subfield code="a">Organiza&#xE7;&#xE3;o</subfield>
    <subfield code="a">Comportamento</subfield>
    <subfield code="a">Indiv&#xED;duo</subfield>
    <subfield code="a">Cultura</subfield>
    <subfield code="a">Mudan&#xE7;a de atitude</subfield>
    <subfield code="a">Relacionamento interpessoal</subfield>
    <subfield code="a">Grupos sociais</subfield>
    <subfield code="a">FIPEN</subfield>
  </datafield>
  <datafield tag="942" ind1=" " ind2=" ">
    <subfield code="c">BK</subfield>
  </datafield>
  <datafield tag="952" ind1=" " ind2=" ">
    <subfield code="0">0</subfield>
    <subfield code="1">0</subfield>
    <subfield code="4">0</subfield>
    <subfield code="7">0</subfield>
    <subfield code="a">71.1</subfield>
    <subfield code="b">71.1</subfield>
    <subfield code="d">2024-03-27</subfield>
    <subfield code="l">0</subfield>
    <subfield code="o">302.35 M118p</subfield>
    <subfield code="p">O000269</subfield>
    <subfield code="r">2024-03-27 22:44:08</subfield>
    <subfield code="w">2024-03-27</subfield>
    <subfield code="y">BK</subfield>
  </datafield>
  <datafield tag="999" ind1=" " ind2=" ">
    <subfield code="c">139143</subfield>
    <subfield code="d">139143</subfield>
  </datafield>
</record>
